Gaming Quiz

Random Gaming Quiz

Sims 2 Paranormal Creatures Quiz Stats

 Plays Quiz not verified by Sporcle

Score 0/11 Timer 03:00
0 Plays Today
Creature % Correct
Vampire
94.9%
Werewolf
86.2%
Zombie
71.5%
Ghost
69.7%
Alien
62.5%
Plantsim
52.7%
Servo
49.3%
Bigfoot
47.3%
Witches and Warloks
33.4%
Genie
30.5%
Grim Reaper
16.9%

You're not logged in!

Compare scores with friends on all Sporcle quizzes.
OR
Log In

Show Comments

Extras

Created Nov 1, 2010ReportNominate
Tags:creature, expansion, pack, sim, Sims 2

Top Quizzes Today


Score Distribution

Your Account Isn't Verified!

In order to create a playlist on Sporcle, you need to verify the email address you used during registration. Go to your Sporcle Settings to finish the process.

Report this User

Report this user for behavior that violates our Community Guidelines.

Details: